Encyclopedia of family health & first aid / (Record no. 136580)

MARC details
000 -LEADER
fixed length control field 00654nam a2200217 4500
010 ## - LIBRARY OF CONGRESS CONTROL NUMBER
LC control number B-221125
020 ## - INTERNATIONAL STANDARD BOOK NUMBER
International Standard Book Number 1405415398
035 ## - SYSTEM CONTROL NUMBER
System control number B-221125
037 ## - SOURCE OF ACQUISITION
Source of stock number/acquisition Cen Lib / Ret
040 ## - CATALOGING SOURCE
Original cataloging agency DPL
Language of cataloging EN
082 ## - DEWEY DECIMAL CLASSIFICATION NUMBER
Classification number 613.03
Item number ENC
245 ## - TITLE STATEMENT
Title Encyclopedia of family health & first aid /
Statement of responsibility, etc edited by Susan Lipscombe. [at. al]
260 ## - PUBLICATION, DISTRIBUTION, ETC. (IMPRINT)
Place of publication, distribution, etc Bath
Name of publisher, distributor, etc Parragon
Date of publication, distribution, etc 2003
270 ## - ADDRESS
Address 4 Queen Street
City Bath
300 ## - PHYSICAL DESCRIPTION
Extent 510p
Other physical details 27cm(Hb)
650 ## - SUBJECT ADDED ENTRY--TOPICAL TERM
Topical term or geographic name as entry element Medicine, Popular -- Encyclopedias.
650 ## - SUBJECT ADDED ENTRY--TOPICAL TERM
Topical term or geographic name as entry element Health -- Encyclopedias.
650 ## - SUBJECT ADDED ENTRY--TOPICAL TERM
Topical term or geographic name as entry element First aid in illness and injury.
700 ## - ADDED ENTRY--PERSONAL NAME
Personal name Lipscombe, Susan
942 ## - ADDED ENTRY ELEMENTS (KOHA)
Source of classification or shelving scheme Dewey Decimal Classification
Koha item type English Books
Classification part 613.03
Call number suffix ENC
Holdings
Withdrawn status Lost status Source of classification or shelving scheme Damaged status Not for loan Collection code Home library Current library Date acquired Source of acquisition Total Checkouts Full call number Barcode Date last seen Copy number Price effective from Koha item type Public note
Written off   Dewey Decimal Classification     Non-fiction Central Library Central Library 04/03/2016 Cen Lib/Ret   613.03 ENC B-221125 04/03/2016 2 04/03/2016 English Books W/d List 8143/24; dtd 15/3/17
        Not For Loan Reference Central Library Central Library 14/03/2016 Cen Lib/Ret   613.03 ENC B-221126 14/03/2016 1 14/03/2016 English Books  

© Delhi Public Library
Hit Counter
free hit counter